Statistics for Give a Valid Rock/Metal Answer

Click here to take the quiz!

General Stats

  • This quiz has been taken 216 times
  • The average score is 7 of 15

Answer Stats

CategoryAnswer% Correct
The "big four" grunge bandsAlice in Chains | Nirvana | Pearl Jam | Soundgarden
93%
The "big four" thrash metal bandsAnthrax | Megadeth | Metallica | Slayer
91%
Instruments played by Frank ZappaBass | Drums | Guitar | Keyboards | Percussion | Piano | Synclavier | Synthesiser
89%
Top 2 countries with the most metal bands per capitaFinland | Sweden
73%
Members of Korn (current)Reginald Arvizu | Jonathan Davis | Ray Luzier | James Shaffer | Brian Welch
47%
Rage Against the Machine albumsEvil Empire | Rage Against the Machine | Renegades | The Battle of Los Angeles
45%
Members of Rush (line-up on 2112)Geddy Lee | Alex Lifeson | Neil Peart
37%
Red Hot Chili Peppers guitaristsJohn Frusciante | Josh Klinghoffer | Arik Marshall | DeWayne McKnight | Dave Navarro | Jack Sherman | Hillel Slovak | Jesse Tobias
34%
Black Sabbath albums with Ronnie James DioDehumanizer | Heaven and Hell | Mob Rules
32%
Tool albums10,000 Days | Ænima | Fear Inoculum | Lateralus | Undertow
31%
Singles from the Slipknot album We Are Not Your KindBirth of the Cruel | Nero Forte | Solway Firth | Unsainted
29%
Jethro Tull albums 1970-75A Passion Play | Aqualung | Benefit | Minstrel in the Gallery | Thick as a Brick | War Child
26%
Grammy Awards for Best Metal Performance: winning bands 2015-2020Ghost | High on Fire | Mastodon | Megadeth | Tenacious D | Tool
26%
Bands in which James Iha has playedA Perfect Circle | Starchildren | The Smashing Pumpkins | Tinted Windows | Vanessa and the O's | Whiskeytown
14%
Australian metal bands formed in 2008Confession | Empires of Eden | Feed Her to the Sharks | For All Eternity | Twelve Foot Ninja
1%

Score Distribution

Percentile by Number Answered

Percent of People with Each Score

Your Score History

You have not taken this quiz